| 000 | 00525nam a2200193 u 4500 | ||
|---|---|---|---|
| 005 | 20240228064223.0 | ||
| 008 | 151022s2009 r 000 0 eng d | ||
| 020 | _a9788479424855 | ||
| 035 | _aUPN01000206246 | ||
| 049 | _aI | ||
| 050 | 4 |
_aPZ78 _bM6.24 |
|
| 100 | 1 |
_aMorán, José _938222 |
|
| 245 | 1 | 0 |
_aBlanquito / _cJosé Morán ; il. de Paz Rodero. |
| 260 |
_aMadrid : _bMacmillan, _c2009. |
||
| 300 |
_a[28] p. : _bil. |
||
| 440 | 0 | _aLibrosaurio | |
| 650 | 4 |
_aLibros y lectura para niños _92290 |
|
| 905 | _aInfantil | ||
| 999 |
_c178347 _d178347 |
||